| 000 | 00527cam a2200217ua 4500 | ||
|---|---|---|---|
| 020 | _c5.00 | ||
| 041 |
_aeng _h |
||
| 082 |
_a531.2 _bMAN/ST |
||
| 100 | _aManicavachagam Pillay, T K . | ||
| 245 |
_aStatics / _cT K Manicavachagam Pillay. _hTextual Documents |
||
| 250 |
_a3 / _b. |
||
| 260 |
_aMadras : _bNational publishing co. , _c1964. |
||
| 300 | _a348 ; . | ||
| 365 | _a5.00 | ||
| 504 | _a | ||
| 942 | _cBK | ||
| 999 |
_c11043 _d11043 |
||